The Building Regulations 2000 (Record no. 104282)
[ view plain ]
| 000 -LEADER | |
|---|---|
| fixed length control field | 01886cam a2200301 4500 |
| 001 - CONTROL NUMBER | |
| control field | L129813 |
| 008 - FIXED-LENGTH DATA ELEMENTS--GENERAL INFORMATION | |
| fixed length control field | 050524n2004 000 0 eng u |
| 020 ## - INTERNATIONAL STANDARD BOOK NUMBER | |
| International Standard Book Number | 0117539155 |
| 035 ## - SYSTEM CONTROL NUMBER | |
| System control number | (Sirsi) u129813 |
| 041 ## - LANGUAGE CODE | |
| Language code of text/sound track or separate title | eng |
| 050 ## - LIBRARY OF CONGRESS CALL NUMBER | |
| Classification number | 692.2 |
| -- | 18 |
| 110 ## - MAIN ENTRY--CORPORATE NAME | |
| Corporate name or jurisdiction name as entry element | United Kingdom |
| Subordinate unit | Office of the Deputy Prime Minister |
| 245 #4 - TITLE STATEMENT | |
| Title | The Building Regulations 2000 |
| Remainder of title | the Building (Approved Inspectors etc) Regulations 2000 - resistance to the passage of sound. Approved Document E. Amendments 2004 to Approved Document E (resistance to the passage of sound) |
| 260 ## - PUBLICATION, DISTRIBUTION, ETC. | |
| Place of publication, distribution, etc. | Norwich |
| Name of publisher, distributor, etc. | TSO |
| Date of publication, distribution, etc. | 2004 |
| 505 ## - FORMATTED CONTENTS NOTE | |
| Formatted contents note | Amendments, clarifications and corrections to Approved Document E 2003 edition |
| 505 ## - FORMATTED CONTENTS NOTE | |
| Formatted contents note | Sound insulation (Regulation 20A) |
| 505 ## - FORMATTED CONTENTS NOTE | |
| Formatted contents note | Sound insulation (Regulation 12A) |
| 505 ## - FORMATTED CONTENTS NOTE | |
| Formatted contents note | Historic buildings |
| 505 ## - FORMATTED CONTENTS NOTE | |
| Formatted contents note | Annex E: design details approved by Robust Details Ltd |
| 520 ## - SUMMARY, ETC. | |
| Summary, etc. | The introduction of robust details (high performance separating wall and floor constructions that should not require pre-completion testing) has necessitated the amendment of Regulations 20A and 12A, made by the Building (Amendment) Regulations 2004 and the Building (Approved Inspector etc) (Amendment) Regulations 2004 respectively. The resulting 2004 amendments to Approved Document E 2003 edition came into effect 1 July 2004. |
| 650 ## - SUBJECT ADDED ENTRY--TOPICAL TERM | |
| Topical term or geographic name entry element | BUILDING REGULATIONS 2000 APPROVED DOCUMENT E (2003 EDITION) |
| 650 ## - SUBJECT ADDED ENTRY--TOPICAL TERM | |
| Topical term or geographic name entry element | BUILDING (APPROVED INSPECTORS ETC.) (AMENDMENT) REGULATIONS 2004 |
| 650 ## - SUBJECT ADDED ENTRY--TOPICAL TERM | |
| Topical term or geographic name entry element | BUILDING (AMENDMENT) REGULATIONS 2004 |
| 650 ## - SUBJECT ADDED ENTRY--TOPICAL TERM | |
| Topical term or geographic name entry element | ROBUST STANDARD DETAILS |
| 690 ## - LOCAL SUBJECT ADDED ENTRY--TOPICAL TERM (OCLC, RLIN) | |
| Topical term or geographic name as entry element | Building regulations |
| 9 (RLIN) | 6224 |
| 856 ## - ELECTRONIC LOCATION AND ACCESS | |
| Uniform Resource Identifier | <a href="https://webarchive.nationalarchives.gov.uk/+/communities.gov.uk/pub/266/approveddocumenteresistancetothepassageofsoundamendments2004pdf302kb_id1161266.pdf">https://webarchive.nationalarchives.gov.uk/+/communities.gov.uk/pub/266/approveddocumenteresistancetothepassageofsoundamendments2004pdf302kb_id1161266.pdf</a> |
| Public note | View this item free of charge at webarchive.nationalarchives.gov.uk website. |
| 942 ## - ADDED ENTRY ELEMENTS (KOHA) | |
| Suppress in OPAC | 0 |
| Withdrawn status | Lost status | Source of classification or shelving scheme | Damaged status | Not for loan | Home library | Current library | Shelving location | Date acquired | Total Checkouts | Full call number | Barcode | Date last seen | Copy number | Price effective from | Koha item type |
|---|---|---|---|---|---|---|---|---|---|---|---|---|---|---|---|
| Dewey Decimal Classification | Virtual | Virtual | Online | 24/05/2005 | ONLINE PUBLICATION | 129813-2001 | 06/08/2019 | 1 | 06/08/2019 | Book |